000 00797nam a22001935i 4500
001 155252
003 ES-MaACL
005 20230906210017.0
008 040719s1892 po |||| | por d
080 _a58(469)
100 1 _aHenriques, Julio Augusto.
_9127858
245 1 2 _aA cadeira de botanica na universidades /
_cpelo Julio Augusto Henriques.
260 _aCoimbra :
_b[s.n.],
_c1892 (
_fImp. da Universidade)
300 _a10 p. ;
_c23 cm.
594 _aPrecede al tít.: Congresso Pedãgogico Hispano-Portuguez-Americano. Secção portugueza.
650 4 _aBotánica-
_zPortugal.
_9176349
711 2 _aCongresso Pedagogico Hispano-Portuguez-Americano (
_d1892.
_cLisboa)
_9135108
852 4 _aES-MaACL
_jT-1120-F-18
_z- Enc. hol., conservando cub. original
_z- Enc. en un vol. facticio
999 _c155252
_d155252